[Event "Championnat de France des Jeunes - Minim"]
[Site "MONTLUCON"]
[Date "2011.04.24"]
[Round "9.4"]
[White "Navrotescu, Andreea-Cristiana"]
[Black "Boursier, Marianne"]
[Result "1-0"]
[WhiteElo "1936"]
[BlackElo "1550"]
[PlyCount "111"]

1. d4 Nf6 2. c4 g6 3. Nc3 d5 4. Bf4 dxc4 5. e3 Bg7 6. Bxc4 O-O 7. Nf3 c5 8.
dxc5 Nc6 9. Qxd8 Rxd8 10. O-O Nh5 11. Bg5 h6 12. Bh4 g5 13. Bg3 Nxg3 14. fxg3
Bf5 15. Nxg5 hxg5 16. Rxf5 Bf6 17. Ne4 Kg7 18. Nxf6 exf6 19. Raf1 Ne5 20. Bb3
Nd7 21. Ba4 Rac8 22. b4 Rc7 23. Bxd7 Rdxd7 24. Rxf6 Rd2 25. R6f2 Rd3 26. Rf5
Kg6 27. Re5 f6 28. Re6 Rf7 29. h3 Ra3 30. Rf2 Ra4 31. Rb2 Rd7 32. Rd6 Re7 33.
Rd3 Re4 34. b5 Rac4 35. Ra3 Rxc5 36. Rxa7 Re7 37. a4 Rc8 38. a5 Rb8 39. a6 Rd7
40. Rxb7 Rbxb7 41. axb7 Rxb7 42. b6 Kf5 43. Kf2 Ke4 44. Rb4+ Kd5 45. Kf3 Kc5
46. Rb1 Kd5 47. h4 Ke5 48. Rb5+ Ke6 49. h5 Kf7 50. g4 Kg7 51. Ke4 Re7+ 52. Kd5
Re5+ 53. Kc6 Re6+ 54. Kd7 Kf7 55. b7 Re7+ 56. Kc6 1-0

[Event "Championnat de France des Jeunes - Minim"]
[Site "MONTLUCON"]
[Date "2011.04.24"]
[Round "9.5"]
[White "Afraoui, Solenn"]
[Black "Le Marec, Laura"]
[Result "1-0"]
[WhiteElo "1820"]
[BlackElo "1648"]
[PlyCount "117"]

1. e4 e6 2. d4 d5 3. Nd2 dxe4 4. Nxe4 Bd7 5. c4 Bc6 6. Nc3 Bb4 7. Nf3 Nf6 8. a3
Bxc3+ 9. bxc3 Ne4 10. Qc2 f5 11. Bd3 Qf6 12. Ne5 O-O 13. O-O Nd6 14. f3 Nf7 15.
Bf4 g5 16. Nxf7 gxf4 17. Ne5 h5 18. Rae1 Nd7 19. Nxc6 bxc6 20. Qd2 Qh6 21. Bc2
Nb6 22. Bd3 Kf7 23. Qe2 Qf6 24. Qe5 Qxe5 25. Rxe5 Nd7 26. Ra5 Rg8 27. Rb1 Nb6
28. Rc5 Ke7 29. Rxc6 Kd7 30. Rc5 h4 31. Kf2 Rg5 32. Bf1 Na4 33. Ra5 Nb6 34. c5
Nd5 35. c4 Ne3 36. Rb7 a6 37. d5 exd5 38. cxd5 Nxd5 39. Rxa6 Rxa6 40. Bxa6 Kc6
41. Rb8 Ne3 42. Bf1 Kxc5 43. Rh8 Kd4 44. Rxh4 Ke5 45. Rh8 c5 46. h4 Rg7 47. h5
Ra7 48. h6 Nd5 49. h7 Kd4 50. Bb5 Kc3 51. Rd8 Rxh7 52. Rxd5 Kb3 53. Rxc5 Kxa3
54. Rxf5 Kb4 55. Bc6 Rc7 56. Be4 Kc3 57. Rxf4 Kd2 58. g4 Rc1 59. Rf8 1-0

[Event "Championnat de France des Jeunes - Minim"]
[Site "MONTLUCON"]
[Date "2011.04.24"]
[Round "9.6"]
[White "Feller, Alice"]
[Black "Thomas, Anysia"]
[Result "1/2-1/2"]
[WhiteElo "1560"]
[BlackElo "1790"]
[PlyCount "95"]

1. d4 d5 2. c4 dxc4 3. Nc3 c5 4. e3 cxd4 5. exd4 Nf6 6. Bxc4 e6 7. Nf3 Be7 8.
O-O O-O 9. Bf4 Nc6 10. a3 a6 11. d5 exd5 12. Nxd5 Nxd5 13. Qxd5 Qb6 14. b4 Be6
15. Qe4 Bxc4 16. Qxc4 Rac8 17. Qe2 Rfe8 18. Be3 Qc7 19. Rac1 Bf6 20. Qc2 Qd7
21. Qb3 Qf5 22. Rfd1 Rcd8 23. h3 h6 24. Rc5 Rxd1+ 25. Qxd1 Qe6 26. Qb1 Rd8 27.
Rc1 Qd5 28. Bb6 Re8 29. Qc2 Qe4 30. Qxe4 Rxe4 31. Re1 Rxe1+ 32. Nxe1 Kf8 33.
Kf1 Ke7 34. Ke2 Kd6 35. f4 Kd5 36. Kd3 Ne7 37. Nc2 Ng6 38. g3 Ne7 39. Ne3+ Kc6
40. Bc5 Nd5 41. Nxd5 Kxd5 42. a4 a5 43. Bf8 axb4 44. Bxb4 h5 45. Bc3 Bxc3 46.
Kxc3 Kc5 47. Kb3 b6 48. Kc3 1/2-1/2

[Event "Championnat de France des Jeunes - Minim"]
[Site "MONTLUCON"]
[Date "2011.04.24"]
[Round "9.7"]
[White "Griggio, Julie"]
[Black "Finkel, Anne-Sophie"]
[Result "1-0"]
[WhiteElo "1796"]
[BlackElo "1700"]
[PlyCount "93"]

1. e4 Nf6 2. e5 Nd5 3. c4 Nb6 4. d4 d6 5. exd6 cxd6 6. Nf3 Bg4 7. Be2 N8d7 8.
b3 e6 9. Bb2 Nf6 10. O-O Be7 11. h3 Bxf3 12. Bxf3 d5 13. Nd2 O-O 14. g3 Rc8 15.
Rc1 Bb4 16. c5 Nbd7 17. a3 Bxd2 18. Qxd2 Ne4 19. Qe2 f5 20. Bg2 Qa5 21. f3 Qd2
22. Rfe1 Qxe2 23. Rxe2 Nxg3 24. Rxe6 Kf7 25. Ree1 Rfe8 26. Kf2 f4 27. h4 Nf6
28. Bh3 Rxe1 29. Rxe1 Re8 30. Bc1 Ngh5 31. Be6+ Kg6 32. Rg1+ Kh6 33. Rg5 b6 34.
b4 Ne4+ 35. fxe4 dxe4 36. Rf5 Re7 37. d5 Kg6 38. Rg5+ Kh6 39. d6 e3+ 40. Ke2
Rxe6 41. d7 f3+ 42. Kxf3 Rf6+ 43. Kxe3 Rf8 44. c6 Nf6 45. Kd4 g6 46. Re5+ Kg7
47. Bg5 1-0

[Event "Championnat de France des Jeunes - Minim"]
[Site "MONTLUCON"]
[Date "2011.04.24"]
[Round "9.8"]
[White "Lecland, Elodie"]
[Black "Richier, Lucie"]
[Result "1/2-1/2"]
[WhiteElo "1750"]
[BlackElo "1634"]
[PlyCount "43"]

1. e4 e6 2. d4 d5 3. exd5 exd5 4. Bd3 Bd6 5. c3 Nf6 6. Ne2 O-O 7. O-O Re8 8.
Bf4 Bxf4 9. Nxf4 b6 10. Nd2 Bb7 11. Nf3 Nbd7 12. Rc1 Rc8 13. Bf5 c6 14. Nd3 Rc7
15. Bxd7 Rxd7 16. Nfe5 Rde7 17. Qc2 Nd7 18. f4 f6 19. Nxd7 Qxd7 20. Rf3 Ba6 21.
Rh3 Qf5 22. Rf1 1/2-1/2

[Event "Championnat de France des Jeunes - Minim"]
[Site "MONTLUCON"]
[Date "2011.04.24"]
[Round "9.9"]
[White "Susini, Lisa"]
[Black "Dubois, Marie"]
[Result "0-1"]
[WhiteElo "1615"]
[BlackElo "1706"]
[PlyCount "74"]

1. d4 Nf6 2. c4 g6 3. Nc3 Bg7 4. Nf3 O-O 5. e3 d6 6. Be2 Nbd7 7. O-O e5 8. b3
Re8 9. Bb2 c6 10. Qc2 Nf8 11. Rfd1 Bf5 12. Qd2 Qc7 13. d5 Rad8 14. Nh4 Bc8 15.
e4 Qe7 16. Nf3 Nh5 17. Qe3 c5 18. a3 Nf4 19. b4 Bh6 20. Kf1 b6 21. Bd3 g5 22.
Ne2 g4 23. Nfg1 Qf6 24. f3 Nh3 25. f4 Nxf4 26. Nxf4 Bxf4 27. Qf2 Qh6 28. g3 Be3
29. Qg2 Ng6 30. Bc1 Bxc1 31. Raxc1 Rf8 32. Rc2 f5 33. Rf2 fxe4 34. Bxe4 Qe3 35.
Bd3 Rxf2+ 36. Qxf2 Rf8 37. Qxf8+ Kxf8 0-1

[Event "Championnat de France des Jeunes - Minim"]
[Site "MONTLUCON"]
[Date "2011.04.24"]
[Round "9.10"]
[White "Nadarajah, Piruntha"]
[Black "Rei-Rosa, Sophie"]
[Result "1/2-1/2"]
[WhiteElo "1555"]
[BlackElo "1700"]
[PlyCount "103"]

1. e4 e5 2. Nf3 Nc6 3. Nc3 Nf6 4. Bb5 d6 5. d4 exd4 6. Nxd4 Bd7 7. Bxc6 bxc6 8.
O-O Be7 9. Nf3 O-O 10. e5 Ne8 11. Re1 Qc8 12. exd6 Bxd6 13. Ne5 Bxe5 14. Rxe5
Nf6 15. f3 Bf5 16. Qe2 Qd7 17. Bg5 Qd4+ 18. Kh1 Bxc2 19. Bxf6 gxf6 20. Re7 Qb4
21. Rc1 Bf5 22. Rxc7 Qb6 23. Re7 Be6 24. Ne4 Rfb8 25. Nxf6+ Kh8 26. Nd7 Qxb2
27. Qxb2+ Rxb2 28. Ne5 Rab8 29. h3 Rg8 30. Rg1 Rxa2 31. Nxc6 Rc8 32. Nxa7 Rcc2
33. Kh2 Bd5 34. Kg3 Ra6 35. Rd7 Rg6+ 36. Kf4 Be6 37. Rd6 Rgxg2 38. Rxg2 Rxg2
39. Nc6 Bxh3 40. Nd8 Kg7 41. Rc6 Rg6 42. Rc7 Rf6+ 43. Kg3 Bf5 44. Kf4 Bg6+ 45.
Kg3 h5 46. f4 h4+ 47. Kh3 Kh6 48. Kxh4 Rxf4+ 49. Kg3 Kg5 50. Rc5+ Rf5 51. Rxf5+
Kxf5 52. Nxf7 1/2-1/2